Fircyk w zalotach /

Salvato in:
Dettagli Bibliografici
Autore principale: Zabłocki, Franciszek (1752-1821)
Altri autori: Pawłowiczowa, Janina (1926-2011) (Opracowanie)
Natura: Libro
Lingua:polacco
Pubblicazione: Wrocław ; Gdańsk : Zakład Narodowy im. Ossolińskich, 1985.
Edizione:Wyd. 7.
Serie:Nasza Biblioteka
Soggetti:
Tags: Aggiungi Tag
Nessun Tag, puoi essere il primo ad aggiungerne!!

MARC

LEADER 00000nam a2200000 i 4500
001 991008357429705066
005 20260515140225.0
008 981118s1985 pl |000 1 pol
020 |a 8304019523 
035 |a 991008357429705066 
035 |a (PL-WaBN)b12157120-48omnis_nlop 
035 |a b12157120 
035 |a (OCoLC)830183826 
035 |a (PL)b0000001215712 
035 |a (EXLNZ-48OMNIS_NETWORK)9910007924105606 
040 |a WA N  |c WA N 
041 0 |a pol 
044 |a pl 
080 |a 884-2 
090 |c 6  |d 6 
100 1 |a Zabłocki, Franciszek  |d (1752-1821) 
245 1 0 |a Fircyk w zalotach /  |c Franciszek Zabłocki ; oprac. Janina Pawłowiczowa. 
250 |a Wyd. 7. 
260 |a Wrocław ;  |a Gdańsk :  |b Zakład Narodowy im. Ossolińskich,  |c 1985. 
300 |a 127, [1] s. ;  |c 20 cm. 
490 1 |a Nasza Biblioteka 
504 |a Bibliogr. s. 16. 
600 1 7 |a Zabłocki, Franciszek  |d (1752-1821) 
700 1 |a Pawłowiczowa, Janina  |d (1926-2011)  |e Opracowanie 
830 0 |a Nasza Biblioteka 
920 |a 83-04-01952-3 
942 |c K 
952 |0 0  |1 0  |4 0  |6 R__10_000000000000000  |7 0  |9 26  |a RYT  |b RYT  |d 2026-03-14  |e 1/2026  |g 10.00  |l 0  |o R.10  |p 2000000000107  |r 2026-05-15 14:02:25  |w 2026-05-15  |y BK  |z da 
999 |c 26  |d 26